<?xml version="1.0" encoding="UTF-8"?><?xml-stylesheet type="text/xsl" href="static/style.xsl"?><OAI-PMH xmlns="http://www.openarchives.org/OAI/2.0/" xmlns:xsi="http://www.w3.org/2001/XMLSchema-instance" xsi:schemaLocation="http://www.openarchives.org/OAI/2.0/ http://www.openarchives.org/OAI/2.0/OAI-PMH.xsd"><responseDate>2026-05-17T00:18:38Z</responseDate><request verb="GetRecord" identifier="oai:repisalud.isciii.es:20.500.12105/14607" metadataPrefix="marc">https://repisalud.isciii.es/rest/oai/request</request><GetRecord><record><header><identifier>oai:repisalud.isciii.es:20.500.12105/14607</identifier><datestamp>2024-05-26T20:35:22Z</datestamp><setSpec>com_20.500.12105_2203</setSpec><setSpec>com_20.500.12105_2202</setSpec><setSpec>col_20.500.12105_19585</setSpec></header><metadata><record xmlns="http://www.loc.gov/MARC21/slim" xmlns:dcterms="http://purl.org/dc/terms/" xmlns:doc="http://www.lyncode.com/xoai" xmlns:xsi="http://www.w3.org/2001/XMLSchema-instance" xsi:schemaLocation="http://www.loc.gov/MARC21/slim http://www.loc.gov/standards/marcxml/schema/MARC21slim.xsd">
   <leader>00925njm 22002777a 4500</leader>
   <datafield ind2=" " ind1=" " tag="042">
      <subfield code="a">dc</subfield>
   </datafield>
   <datafield ind2=" " ind1=" " tag="720">
      <subfield code="a">Instituto de Salud Carlos III. Gabinete de prensa</subfield>
      <subfield code="e">author</subfield>
   </datafield>
   <datafield ind2=" " ind1=" " tag="260">
      <subfield code="c">2022-05-19</subfield>
   </datafield>
   <datafield ind2=" " ind1=" " tag="520">
      <subfield code="a">El ISCIII se suma a la conmemoración de la Semana Europea de la Salud Pública con la celebración de un seminario online sobre monitorización del impacto de COVID-19 en la salud mental de la población. La sesión se centrará en la labor&#xd;
de PHIRI (Population Health Information Research Infrastructure), un proyecto europeo de infraestructuras para el manejo de datos poblacionales en torno a la pandemia en el que el Instituto participa a través del Centro Nacional de&#xd;
Epidemiología (CNE). Concretamente, el CNE colidera un paquete de trabajo y diversas tareas en PHIRI, coordinando la actuación de los diversos participantes. Uno de ellos trata sobre impacto de la pandemia en la salud mental y ha protagonizado el seminario celebrado hoy, dirigido a comunidad investigadora, clínicos, gestores&#xd;
de servicios sanitarios y a profesionales implicados o interesados en el manejo de datos biomédicos y sanitarios.</subfield>
   </datafield>
   <datafield ind1="8" ind2=" " tag="024">
      <subfield code="a">http://hdl.handle.net/20.500.12105/14607</subfield>
   </datafield>
   <datafield tag="653" ind2=" " ind1=" ">
      <subfield code="a">Proyecto PHIRI</subfield>
   </datafield>
   <datafield ind2="0" ind1="0" tag="245">
      <subfield code="a">El ISCIII coordina la presentación de datos preliminares del Proyecto PHIRI sobre impacto en la salud mental de la pandemia en la población</subfield>
   </datafield>
</record></metadata></record></GetRecord></OAI-PMH>